[Event "ODJM A 2018"]
[Site "Willingen GER"]
[Date "2018.05.20"]
[Round "2"]
[White "Borchert, René"]
[Black "Stelmaszyk, Nico"]
[Result "1-0"]
[Termination "normal"]
[Board "6"]
[WhiteElo "2186"]
[BlackElo "1919"]
[WhiteClock "00:23:41"]
[BlackClock "00:12:13"]
[PlyCount "93"]
[WhiteFideId "12990671"]
[BlackFideId "16200462"]
[EventCountry "GER"]
[EventRounds "9"]
[EventType "swiss"]
[EventDate "2018.05.19"]

1. e4 {[%clk 1:30:59]} 1... e5 {[%clk 1:30:52]} 2. Nf3 {[%clk 1:31:23]} 2...
Nc6 {[%clk 1:31:16]} 3. Bc4 {[%clk 1:31:40]} 3... Nf6 {[%clk 1:31:35]} 4. Ng5 {
[%clk 1:28:46]} 4... d5 {[%clk 1:31:51]} 5. exd5 {[%clk 1:29:12]} 5... b5 {
[%clk 1:32:16]} 6. Bf1 {[%clk 1:25:49]} 6... Nd4 {[%clk 1:32:04]} 7. c3 { [%clk
1:21:15]} 7... Nxd5 {[%clk 1:32:26]} 8. cxd4 {[%clk 1:20:28]} 8... Qxg5 { [%clk
1:32:49]} 9. Bxb5+ {[%clk 1:20:46]} 9... Kd8 {[%clk 1:33:15]} 10. O-O { [%clk
1:18:07]} 10... Bb7 {[%clk 1:33:14]} 11. Qf3 {[%clk 1:17:29]} 11... Rb8 { [%clk
1:33:36]} 12. dxe5 {[%clk 1:15:54]} 12... Ne3 {[%clk 1:33:18]} 13. Qg3 { [%clk
1:15:25]} 13... Qxg3 {[%clk 1:32:48]} 14. hxg3 {[%clk 1:15:47]} 14... Nxf1
{[%clk 1:33:07]} 15. Bxf1 {[%clk 1:16:05]} 15... Bc5 {[%clk 1:32:41]} 16. Bc4
{[%clk 1:10:54]} 16... Re8 {[%clk 1:32:19]} 17. d4 {[%clk 1:03:44]} 17... Bxd4
{[%clk 1:31:45]} 18. Nc3 {[%clk 1:03:26]} 18... Rxe5 {[%clk 1:21:41]} 19. Bd2
{[%clk 0:54:10]} 19... Ke7 {[%clk 1:15:25]} 20. Nb5 {[%clk 0:50:03]} 20... Bb6
{[%clk 1:10:15]} 21. Bb4+ {[%clk 0:45:14]} 21... Bc5 {[%clk 1:05:48]} 22. Bc3
{[%clk 0:42:04]} 22... Rf5 {[%clk 1:05:41]} 23. Nd4 {[%clk 0:38:46]} 23... Bxd4
{[%clk 0:55:27]} 24. Bxd4 {[%clk 0:39:10]} 24... Kf8 {[%clk 0:49:49]} 25. Bxa7
{[%clk 0:39:32]} 25... Ra8 {[%clk 0:48:09]} 26. Be3 {[%clk 0:39:44]} 26... Ba6
{[%clk 0:36:11]} 27. Bb3 {[%clk 0:35:44]} 27... c5 {[%clk 0:31:39]} 28. Rc1
{[%clk 0:23:06]} 28... c4 {[%clk 0:31:00]} 29. Bd1 {[%clk 0:21:23]} 29... Rd8 {
[%clk 0:27:46]} 30. Be2 {[%clk 0:20:32]} 30... Rfd5 {[%clk 0:19:04]} 31. Bf3 {
[%clk 0:17:49]} 31... Rd3 {[%clk 0:15:24]} 32. Be2 {[%clk 0:17:03]} 32... R3d5
{[%clk 0:14:55]} 33. Bf3 {[%clk 0:17:18]} 33... Rd3 {[%clk 0:14:43]} 34. a3 {
[%clk 0:15:45]} 34... Rb3 {[%clk 0:10:55]} 35. Rc2 {[%clk 0:15:01]} 35... Rdd3
{[%clk 0:06:14]} 36. Bc5+ {[%clk 0:11:45]} 36... Kg8 {[%clk 0:06:12]} 37. Bb4 {
[%clk 0:11:38]} 37... g6 {[%clk 0:05:16]} 38. Bc3 {[%clk 0:10:52]} 38... Rb5 {
[%clk 0:04:09]} 39. Rc1 {[%clk 0:09:10]} 39... Rd8 {[%clk 0:03:17]} 40. Re1 {
[%clk 0:07:34]} 40... Bb7 {[%clk 0:02:47]} 41. a4 {[%clk 0:27:16]} 41... Bxf3 {
[%clk 0:28:25]} 42. axb5 {[%clk 0:27:16]} 42... Bd5 {[%clk 0:28:45]} 43. b6 {
[%clk 0:26:06]} 43... Rb8 {[%clk 0:20:18]} 44. Rd1 {[%clk 0:24:15]} 44... Bc6 {
[%clk 0:13:55]} 45. Rd6 {[%clk 0:24:05]} 45... Bb5 {[%clk 0:12:40]} 46. b7 {
[%clk 0:23:16]} 46... f6 {[%clk 0:12:13]} 47. Rb6 {[%clk 0:23:41]} 1-0

[Event "ODJM A 2018"]
[Site "Willingen GER"]
[Date "2018.05.20"]
[Round "2"]
[White "Hinrichs, Niklas"]
[Black "Küppers, Timo"]
[Result "0-1"]
[Termination "normal"]
[Board "7"]
[WhiteElo "1976"]
[BlackElo "2175"]
[WhiteClock "00:00:58"]
[BlackClock "00:01:20"]
[PlyCount "144"]
[WhiteFideId "12942499"]
[BlackFideId "16205820"]
[EventCountry "GER"]
[EventRounds "9"]
[EventType "swiss"]
[EventDate "2018.05.19"]

1. d4 {[%clk 1:30:59]} 1... Nf6 {[%clk 1:30:56]} 2. c4 {[%clk 1:31:26]} 2... g6
{[%clk 1:31:22]} 3. Nc3 {[%clk 1:31:53]} 3... Bg7 {[%clk 1:31:48]} 4. e4 {
[%clk 1:32:17]} 4... d6 {[%clk 1:32:09]} 5. f3 {[%clk 1:32:43]} 5... O-O {
[%clk 1:32:34]} 6. Be3 {[%clk 1:33:10]} 6... c5 {[%clk 1:33:00]} 7. Nge2 {
[%clk 1:33:03]} 7... Nc6 {[%clk 1:33:18]} 8. Qd2 {[%clk 1:33:25]} 8... Qa5 {
[%clk 1:33:41]} 9. d5 {[%clk 1:32:26]} 9... Ne5 {[%clk 1:31:42]} 10. Ng3 {
[%clk 1:30:55]} 10... h5 {[%clk 1:31:47]} 11. Be2 {[%clk 1:31:17]} 11... h4 {
[%clk 1:32:07]} 12. Nf1 {[%clk 1:31:44]} 12... a6 {[%clk 1:31:43]} 13. g4 {
[%clk 1:29:38]} 13... b5 {[%clk 1:24:56]} 14. Bg5 {[%clk 1:21:14]} 14... bxc4 {
[%clk 1:11:31]} 15. Bxh4 {[%clk 1:18:43]} 15... Rb8 {[%clk 1:10:18]} 16. Rc1 {
[%clk 1:14:55]} 16... Qb4 {[%clk 0:48:05]} 17. Rc2 {[%clk 1:11:04]} 17... a5 {
[%clk 0:45:33]} 18. f4 {[%clk 0:54:50]} 18... Nd3+ {[%clk 0:42:35]} 19. Bxd3 {
[%clk 0:53:53]} 19... cxd3 {[%clk 0:42:53]} 20. Qxd3 {[%clk 0:53:58]} 20...
Nxe4 {[%clk 0:37:23]} 21. Nd2 {[%clk 0:48:57]} 21... Nxc3 {[%clk 0:31:11]} 22.
bxc3 {[%clk 0:49:20]} 22... Qxf4 {[%clk 0:31:21]} 23. h3 {[%clk 0:49:36]} 23...
Qe5+ {[%clk 0:28:50]} 24. Kd1 {[%clk 0:49:50]} 24... Bb7 {[%clk 0:19:46]} 25.
Re1 {[%clk 0:46:40]} 25... Qxd5 {[%clk 0:19:59]} 26. Qxd5 {[%clk 0:47:07]}
26... Bxd5 {[%clk 0:20:22]} 27. Bxe7 {[%clk 0:47:27]} 27... Rfe8 { [%clk
0:20:27]} 28. Bxd6 {[%clk 0:47:25]} 28... Rxe1+ {[%clk 0:20:30]} 29. Kxe1
{[%clk 0:47:54]} 29... Rc8 {[%clk 0:17:29]} 30. c4 {[%clk 0:39:00]} 30... Bg2 {
[%clk 0:17:08]} 31. Kf2 {[%clk 0:39:19]} 31... Bxh3 {[%clk 0:09:17]} 32. Kg3 {
[%clk 0:39:45]} 32... Rd8 {[%clk 0:09:36]} 33. Bxc5 {[%clk 0:39:53]} 33... Rd3+
{[%clk 0:09:53]} 34. Nf3 {[%clk 0:39:13]} 34... Be5+ {[%clk 0:08:25]} 35. Kf2 {
[%clk 0:39:41]} 35... Bc7 {[%clk 0:08:05]} 36. Re2 {[%clk 0:39:42]} 36... Bxg4
{[%clk 0:05:44]} 37. Re8+ {[%clk 0:40:07]} 37... Kh7 {[%clk 0:04:28]} 38. Ng5+
{[%clk 0:38:29]} 38... Kg7 {[%clk 0:04:46]} 39. Re7 {[%clk 0:38:42]} 39... Rd7
{[%clk 0:04:58]} 40. Re8 {[%clk 0:36:11]} 40... Rd2+ {[%clk 0:01:03]} 41. Kf1 {
[%clk 0:36:07]} 41... Bd6 {[%clk 0:10:51]} 42. Be3 {[%clk 1:01:37]} 42... Rd1+
{[%clk 0:11:15]} 43. Kf2 {[%clk 1:01:53]} 43... f6 {[%clk 0:10:56]} 44. Ne4 {
[%clk 1:01:27]} 44... Be5 {[%clk 0:08:15]} 45. Ra8 {[%clk 1:01:12]} 45... Rh1 {
[%clk 0:06:58]} 46. Ra7+ {[%clk 0:59:13]} 46... Kg8 {[%clk 0:07:12]} 47. Rxa5 {
[%clk 0:57:49]} 47... Rh2+ {[%clk 0:06:59]} 48. Kg1 {[%clk 0:58:07]} 48... Re2
{[%clk 0:02:40]} 49. Rxe5 {[%clk 0:56:06]} 49... fxe5 {[%clk 0:03:05]} 50. Nf6+
{[%clk 0:56:27]} 50... Kf7 {[%clk 0:03:32]} 51. Nxg4 {[%clk 0:56:52]} 51... Ke6
{[%clk 0:03:49]} 52. Bf2 {[%clk 0:35:13]} 52... Kf5 {[%clk 0:04:00]} 53. Ne3+ {
[%clk 0:34:07]} 53... Ke4 {[%clk 0:03:23]} 54. Ng2 {[%clk 0:33:54]} 54... Rxa2
{[%clk 0:03:00]} 55. Ne1 {[%clk 0:33:49]} 55... Ra1 {[%clk 0:02:06]} 56. Kf1 {
[%clk 0:33:04]} 56... g5 {[%clk 0:02:02]} 57. Kg2 {[%clk 0:29:33]} 57... Rc1 {
[%clk 0:02:07]} 58. c5 {[%clk 0:29:56]} 58... Rc3 {[%clk 0:02:29]} 59. c6 {
[%clk 0:11:46]} 59... Rxc6 {[%clk 0:02:01]} 60. Kg3 {[%clk 0:11:31]} 60... Kf5
{[%clk 0:02:06]} 61. Kf3 {[%clk 0:04:17]} 61... Rc3+ {[%clk 0:02:01]} 62. Be3 {
[%clk 0:03:35]} 62... g4+ {[%clk 0:02:16]} 63. Ke2 {[%clk 0:03:44]} 63... Ke4 {
[%clk 0:01:41]} 64. Bd2 {[%clk 0:03:40]} 64... Ra3 {[%clk 0:01:38]} 65. Ng2 {
[%clk 0:03:10]} 65... Ra2 {[%clk 0:01:38]} 66. Ne3 {[%clk 0:02:05]} 66... g3 {
[%clk 0:02:03]} 67. Ng2 {[%clk 0:02:11]} 67... Kf5 {[%clk 0:01:44]} 68. Ne3+ {
[%clk 0:02:12]} 68... Kg6 {[%clk 0:01:16]} 69. Ng4 {[%clk 0:01:45]} 69... e4 {
[%clk 0:01:22]} 70. Ne3 {[%clk 0:00:49]} 70... Kh5 {[%clk 0:01:38]} 71. Nd5 {
[%clk 0:00:45]} 71... Kh4 {[%clk 0:01:20]} 72. Ke3 {[%clk 0:00:58]} 72... Rxd2
{[%clk 0:01:20]} 0-1

[Event "ODJM A 2018"]
[Site "Willingen GER"]
[Date "2018.05.20"]
[Round "2"]
[White "Stemmler, Fabian"]
[Black "Arndt, Magnus"]
[Result "1/2-1/2"]
[Termination "normal"]
[Board "8"]
[WhiteElo "1963"]
[BlackElo "2120"]
[WhiteClock "00:02:28"]
[BlackClock "00:36:37"]
[PlyCount "55"]
[WhiteFideId "12964808"]
[BlackFideId "12998656"]
[EventCountry "GER"]
[EventRounds "9"]
[EventType "swiss"]
[EventDate "2018.05.19"]

1. d4 {[%clk 1:30:57]} 1... Nf6 {[%clk 1:30:58]} 2. Bg5 {[%clk 1:31:21]} 2...
Ne4 {[%clk 1:31:05]} 3. h4 {[%clk 1:25:35]} 3... d5 {[%clk 1:26:39]} 4. e3 {
[%clk 1:24:02]} 4... c5 {[%clk 1:22:12]} 5. c3 {[%clk 1:06:38]} 5... Nc6 {
[%clk 1:18:15]} 6. Nd2 {[%clk 1:05:58]} 6... Nxd2 {[%clk 1:11:13]} 7. Qxd2 {
[%clk 1:06:21]} 7... h6 {[%clk 1:11:25]} 8. Bf4 {[%clk 1:06:47]} 8... e6 {
[%clk 1:11:47]} 9. Bd3 {[%clk 1:06:48]} 9... Bd6 {[%clk 1:11:37]} 10. Bxd6 {
[%clk 0:59:52]} 10... Qxd6 {[%clk 1:11:27]} 11. Nf3 {[%clk 1:00:00]} 11... Bd7
{[%clk 1:06:55]} 12. dxc5 {[%clk 0:14:45]} 12... Qxc5 {[%clk 1:07:12]} 13. e4 {
[%clk 0:14:57]} 13... Rd8 {[%clk 0:53:00]} 14. exd5 {[%clk 0:13:55]} 14... Qxd5
{[%clk 0:52:59]} 15. Bc2 {[%clk 0:13:16]} 15... Qxd2+ {[%clk 0:50:36]} 16. Nxd2
{[%clk 0:11:24]} 16... O-O {[%clk 0:48:36]} 17. O-O-O {[%clk 0:08:33]} 17...
Ne5 {[%clk 0:47:26]} 18. f3 {[%clk 0:07:21]} 18... Bb5 {[%clk 0:43:59]} 19. Ne4
{[%clk 0:05:25]} 19... Bd3 {[%clk 0:42:16]} 20. Bxd3 {[%clk 0:04:33]} 20...
Nxd3+ {[%clk 0:42:40]} 21. Kc2 {[%clk 0:05:00]} 21... Nf4 {[%clk 0:42:23]} 22.
Rxd8 {[%clk 0:03:37]} 22... Rxd8 {[%clk 0:42:48]} 23. g3 {[%clk 0:03:52]} 23...
Nd5 {[%clk 0:42:48]} 24. Re1 {[%clk 0:04:02]} 24... b6 {[%clk 0:42:35]} 25. Re2
{[%clk 0:02:14]} 25... Kf8 {[%clk 0:39:46]} 26. a3 {[%clk 0:01:47]} 26... Ke7 {
[%clk 0:39:09]} 27. c4 {[%clk 0:02:08]} 27... Nf6 {[%clk 0:36:37]} 28. Nxf6 {
[%clk 0:02:28]} 1/2-1/2

[Event "ODJM A 2018"]
[Site "Willingen GER"]
[Date "2018.05.20"]
[Round "2"]
[White "Terhuven, Patrick"]
[Black "Beesk, Kevin"]
[Result "1-0"]
[Termination "normal"]
[Board "9"]
[WhiteElo "2124"]
[BlackElo "1968"]
[WhiteClock "00:18:44"]
[BlackClock "00:05:52"]
[PlyCount "57"]
[WhiteFideId "12919098"]
[BlackFideId "1271882"]
[EventCountry "GER"]
[EventRounds "9"]
[EventType "swiss"]
[EventDate "2018.05.19"]

1. c4 {[%clk 1:30:58]} 1... c5 {[%clk 1:29:42]} 2. g3 {[%clk 1:31:16]} 2... g6
{[%clk 1:30:08]} 3. Bg2 {[%clk 1:31:40]} 3... Bg7 {[%clk 1:30:34]} 4. Nc3 {
[%clk 1:32:04]} 4... Nc6 {[%clk 1:31:02]} 5. a3 {[%clk 1:32:23]} 5... a6 {
[%clk 1:21:23]} 6. e3 {[%clk 1:30:28]} 6... Rb8 {[%clk 1:20:45]} 7. Nge2 {
[%clk 1:29:10]} 7... b5 {[%clk 1:07:23]} 8. cxb5 {[%clk 1:27:48]} 8... axb5 {
[%clk 1:07:52]} 9. O-O {[%clk 1:27:21]} 9... Nf6 {[%clk 0:56:31]} 10. d4 {
[%clk 1:23:08]} 10... cxd4 {[%clk 0:56:52]} 11. exd4 {[%clk 1:17:08]} 11... b4
{[%clk 0:50:44]} 12. axb4 {[%clk 1:12:31]} 12... Nxb4 {[%clk 0:50:49]} 13. d5 {
[%clk 1:09:17]} 13... O-O {[%clk 0:42:45]} 14. Bf4 {[%clk 1:04:44]} 14... d6 {
[%clk 0:38:16]} 15. Qd2 {[%clk 0:59:31]} 15... Re8 {[%clk 0:30:01]} 16. Nd4 {
[%clk 0:56:22]} 16... Bd7 {[%clk 0:22:58]} 17. Ra7 {[%clk 0:49:30]} 17... Ra8 {
[%clk 0:16:18]} 18. Rb7 {[%clk 0:41:58]} 18... Rb8 {[%clk 0:15:27]} 19. Nc6 {
[%clk 0:39:25]} 19... Nxc6 {[%clk 0:15:56]} 20. dxc6 {[%clk 0:39:43]} 20...
Rxb7 {[%clk 0:16:24]} 21. cxb7 {[%clk 0:40:03]} 21... Qb6 {[%clk 0:13:43]} 22.
Be3 {[%clk 0:33:04]} 22... Qa6 {[%clk 0:14:12]} 23. b4 {[%clk 0:30:57]} 23...
Rb8 {[%clk 0:12:19]} 24. b5 {[%clk 0:24:36]} 24... Bxb5 {[%clk 0:11:11]} 25.
Nxb5 {[%clk 0:23:32]} 25... Qxb5 {[%clk 0:11:39]} 26. Qc2 {[%clk 0:23:00]}
26... d5 {[%clk 0:08:28]} 27. Qc8+ {[%clk 0:20:00]} 27... Qe8 {[%clk 0:08:57]}
28. Rc1 {[%clk 0:19:37]} 28... Nd7 {[%clk 0:05:52]} 29. Ba7 {[%clk 0:18:44]}
1-0

[Event "ODJM A 2018"]
[Site "Willingen GER"]
[Date "2018.05.20"]
[Round "2"]
[White "Seref, Erdogan"]
[Black "Knudsen, Simon"]
[Result "0-1"]
[Termination "normal"]
[Board "10"]
[WhiteElo "1991"]
[BlackElo "2126"]
[WhiteClock "00:00:36"]
[BlackClock "00:51:13"]
[PlyCount "74"]
[WhiteFideId "16206827"]
[BlackFideId "12985546"]
[EventCountry "GER"]
[EventRounds "9"]
[EventType "swiss"]
[EventDate "2018.05.19"]

1. e4 {[%clk 1:30:58]} 1... g6 {[%clk 1:30:47]} 2. d4 {[%clk 1:31:21]} 2... Bg7
{[%clk 1:31:13]} 3. Nc3 {[%clk 1:31:12]} 3... d6 {[%clk 1:31:36]} 4. Be3 {
[%clk 1:31:09]} 4... a6 {[%clk 1:32:01]} 5. a4 {[%clk 1:30:49]} 5... Nc6 {
[%clk 1:28:58]} 6. Qd2 {[%clk 1:28:06]} 6... e6 {[%clk 1:20:44]} 7. f3 { [%clk
1:20:49]} 7... b6 {[%clk 1:20:51]} 8. Nge2 {[%clk 1:17:07]} 8... Bb7 { [%clk
1:21:09]} 9. h4 {[%clk 1:09:40]} 9... h5 {[%clk 1:21:20]} 10. Nf4 { [%clk
1:05:24]} 10... Nge7 {[%clk 1:06:57]} 11. Be2 {[%clk 0:55:53]} 11... d5 { [%clk
0:59:39]} 12. Rd1 {[%clk 0:47:42]} 12... dxe4 {[%clk 0:59:48]} 13. fxe4 { [%clk
0:47:47]} 13... e5 {[%clk 0:56:54]} 14. dxe5 {[%clk 0:43:13]} 14... Qxd2+
{[%clk 0:57:04]} 15. Rxd2 {[%clk 0:42:34]} 15... Nxe5 {[%clk 0:57:28]} 16. Nfd5
{[%clk 0:36:48]} 16... Nxd5 {[%clk 0:57:41]} 17. Nxd5 {[%clk 0:36:20]} 17...
O-O-O {[%clk 0:57:17]} 18. O-O {[%clk 0:32:51]} 18... Rhe8 {[%clk 0:57:28]} 19.
Bg5 {[%clk 0:30:04]} 19... Rd7 {[%clk 0:56:54]} 20. Rfd1 {[%clk 0:24:35]} 20...
Kb8 {[%clk 0:53:09]} 21. c3 {[%clk 0:20:05]} 21... Nc6 {[%clk 0:50:58]} 22. Bf3
{[%clk 0:17:11]} 22... Na5 {[%clk 0:50:53]} 23. Bf6 {[%clk 0:13:35]} 23... Bh6
{[%clk 0:50:19]} 24. Re2 {[%clk 0:09:22]} 24... Nc4 {[%clk 0:48:36]} 25. b3 {
[%clk 0:07:52]} 25... Ne5 {[%clk 0:49:00]} 26. Kf2 {[%clk 0:05:59]} 26... Nxf3
{[%clk 0:49:08]} 27. gxf3 {[%clk 0:05:43]} 27... c6 {[%clk 0:49:22]} 28. c4 {
[%clk 0:03:12]} 28... cxd5 {[%clk 0:49:45]} 29. exd5 {[%clk 0:02:52]} 29...
Rxe2+ {[%clk 0:50:03]} 30. Kxe2 {[%clk 0:03:13]} 30... Bf4 {[%clk 0:49:47]} 31.
Rd4 {[%clk 0:02:19]} 31... Bd6 {[%clk 0:50:04]} 32. Kd3 {[%clk 0:01:54]} 32...
Bc8 {[%clk 0:49:58]} 33. Ke4 {[%clk 0:01:22]} 33... Rb7 {[%clk 0:50:21]} 34.
Kd3 {[%clk 0:00:40]} 34... Bc5 {[%clk 0:50:10]} 35. Rf4 {[%clk 0:00:44]} 35...
Bf5+ {[%clk 0:50:34]} 36. Ke2 {[%clk 0:00:39]} 36... Kc8 {[%clk 0:50:52]} 37.
Be5 {[%clk 0:00:36]} 37... Kd7 {[%clk 0:51:13]} 0-1

[Event "ODJM A 2018"]
[Site "Willingen GER"]
[Date "2018.05.20"]
[Round "2"]
[White "Winkel, Peter"]
[Black "Reitz, Philipp"]
[Result "1-0"]
[Termination "normal"]
[Board "11"]
[WhiteElo "2110"]
[BlackElo "1975"]
[WhiteClock "00:18:11"]
[BlackClock "00:09:19"]
[PlyCount "61"]
[WhiteFideId "12954756"]
[BlackFideId "12973297"]
[EventCountry "GER"]
[EventRounds "9"]
[EventType "swiss"]
[EventDate "2018.05.19"]

1. d4 {[%clk 1:30:59]} 1... Nf6 {[%clk 1:30:55]} 2. Nf3 {[%clk 1:31:26]} 2...
e6 {[%clk 1:31:19]} 3. e3 {[%clk 1:31:26]} 3... c5 {[%clk 1:31:21]} 4. Bd3 {
[%clk 1:31:42]} 4... d5 {[%clk 1:31:34]} 5. b3 {[%clk 1:30:45]} 5... Nc6 {
[%clk 1:30:16]} 6. Bb2 {[%clk 1:30:57]} 6... Bd6 {[%clk 1:29:43]} 7. O-O {
[%clk 1:31:02]} 7... O-O {[%clk 1:30:08]} 8. dxc5 {[%clk 1:31:14]} 8... Bxc5 {
[%clk 1:29:57]} 9. Nbd2 {[%clk 1:31:35]} 9... a6 {[%clk 1:24:43]} 10. c4 {
[%clk 1:25:56]} 10... dxc4 {[%clk 1:17:55]} 11. Nxc4 {[%clk 1:25:17]} 11... b5
{[%clk 1:17:41]} 12. Nce5 {[%clk 1:25:06]} 12... Nxe5 {[%clk 1:17:59]} 13. Nxe5
{[%clk 1:22:19]} 13... Bb7 {[%clk 1:18:15]} 14. a4 {[%clk 1:20:33]} 14... Qd5 {
[%clk 1:14:14]} 15. Nf3 {[%clk 1:14:48]} 15... Rfd8 {[%clk 1:10:01]} 16. Be2 {
[%clk 1:13:57]} 16... Qf5 {[%clk 1:06:23]} 17. Nd4 {[%clk 1:06:23]} 17... Qg6 {
[%clk 0:49:30]} 18. Bf3 {[%clk 1:06:28]} 18... Ne4 {[%clk 0:49:44]} 19. Qb1 {
[%clk 0:56:37]} 19... f5 {[%clk 0:39:09]} 20. axb5 {[%clk 0:47:56]} 20... axb5
{[%clk 0:20:05]} 21. Rxa8 {[%clk 0:47:43]} 21... Bxa8 {[%clk 0:20:19]} 22. Qc2
{[%clk 0:40:55]} 22... b4 {[%clk 0:13:41]} 23. Ra1 {[%clk 0:39:39]} 23... Bb7 {
[%clk 0:13:13]} 24. g3 {[%clk 0:32:00]} 24... Bf8 {[%clk 0:10:20]} 25. Qc7 {
[%clk 0:28:56]} 25... Rxd4 {[%clk 0:08:36]} 26. Bxd4 {[%clk 0:27:36]} 26... Bd5
{[%clk 0:09:01]} 27. Qd8 {[%clk 0:22:28]} 27... Qf7 {[%clk 0:08:19]} 28. Ra7 {
[%clk 0:20:29]} 28... Qg6 {[%clk 0:08:45]} 29. Bxe4 {[%clk 0:19:22]} 29... Bxe4
{[%clk 0:09:06]} 30. Bc5 {[%clk 0:19:30]} 30... Qf6 {[%clk 0:09:19]} 31. Qxf6 {
[%clk 0:18:11]} 1-0

[Event "ODJM A 2018"]
[Site "Willingen GER"]
[Date "2018.05.20"]
[Round "2"]
[White "Petersen, Finn Christopher"]
[Black "Giraud, Valerian"]
[Result "0-1"]
[Termination "normal"]
[Board "12"]
[WhiteElo "1821"]
[BlackElo "2034"]
[WhiteClock "00:03:41"]
[BlackClock "00:08:02"]
[PlyCount "61"]
[WhiteFideId "12964840"]
[BlackFideId "12920355"]
[EventCountry "GER"]
[EventRounds "9"]
[EventType "swiss"]
[EventDate "2018.05.19"]

1. e4 {[%clk 1:30:57]} 1... e6 {[%clk 1:30:57]} 2. d4 {[%clk 1:31:25]} 2... d5
{[%clk 1:31:23]} 3. Nc3 {[%clk 1:31:52]} 3... Bb4 {[%clk 1:31:49]} 4. Nge2 {
[%clk 1:32:18]} 4... dxe4 {[%clk 1:31:24]} 5. a3 {[%clk 1:32:43]} 5... Be7 {
[%clk 1:31:50]} 6. Nxe4 {[%clk 1:32:58]} 6... Nf6 {[%clk 1:32:12]} 7. N2g3 {
[%clk 1:32:35]} 7... O-O {[%clk 1:31:13]} 8. c3 {[%clk 1:28:07]} 8... Nbd7 {
[%clk 1:28:05]} 9. Bd3 {[%clk 1:26:06]} 9... b6 {[%clk 1:22:11]} 10. O-O {
[%clk 1:22:45]} 10... Bb7 {[%clk 1:20:21]} 11. Qc2 {[%clk 1:18:13]} 11... c5 {
[%clk 1:10:00]} 12. dxc5 {[%clk 1:15:11]} 12... Nxe4 {[%clk 0:59:17]} 13. Nxe4
{[%clk 1:09:12]} 13... Ne5 {[%clk 0:47:43]} 14. Nd6 {[%clk 1:00:46]} 14... Bxd6
{[%clk 0:38:19]} 15. cxd6 {[%clk 1:00:05]} 15... Qh4 {[%clk 0:35:53]} 16. Re1 {
[%clk 0:51:38]} 16... Qg4 {[%clk 0:26:36]} 17. Bxh7+ {[%clk 0:35:34]} 17... Kh8
{[%clk 0:26:58]} 18. Re4 {[%clk 0:34:50]} 18... Bxe4 {[%clk 0:19:52]} 19. Bxe4
{[%clk 0:34:26]} 19... Rad8 {[%clk 0:19:43]} 20. f3 {[%clk 0:32:46]} 20... Qh4
{[%clk 0:18:37]} 21. g3 {[%clk 0:30:12]} 21... Qh5 {[%clk 0:17:48]} 22. Qf2 {
[%clk 0:23:31]} 22... f5 {[%clk 0:17:18]} 23. Bb7 {[%clk 0:19:42]} 23... Rf7 {
[%clk 0:14:58]} 24. f4 {[%clk 0:17:45]} 24... Nd3 {[%clk 0:14:46]} 25. Bf3 {
[%clk 0:17:15]} 25... Qg6 {[%clk 0:14:32]} 26. Qd4 {[%clk 0:16:10]} 26... Nc5 {
[%clk 0:13:26]} 27. Qc4 {[%clk 0:09:14]} 27... Rxd6 {[%clk 0:10:19]} 28. b4 {
[%clk 0:06:59]} 28... Nd3 {[%clk 0:07:34]} 29. Be3 {[%clk 0:07:05]} 29... e5 {
[%clk 0:07:47]} 30. fxe5 {[%clk 0:03:41]} 30... Nxe5 {[%clk 0:08:02]} 31. Bd5
0-1

[Event "ODJM A 2018"]
[Site "Willingen GER"]
[Date "2018.05.20"]
[Round "2"]
[White "Savchenko, Daniel"]
[Black "Matthes, Aaron"]
[Result "1-0"]
[Termination "normal"]
[Board "13"]
[WhiteElo "2117"]
[BlackElo "1689"]
[PlyCount "107"]
[WhiteFideId "12919195"]
[BlackFideId "16227310"]
[EventCountry "GER"]
[EventRounds "9"]
[EventType "swiss"]
[EventDate "2018.05.19"]

1. e4 e6 2. d4 d5 3. Nd2 Nf6 4. e5 Nfd7 5. f4 c5 6. Ndf3 Nc6 7. c3 cxd4 8. cxd4
Be7 9. Bd3 a6 10. Ne2 O-O 11. O-O b5 12. Bxh7+ Kxh7 13. Qc2+ Kg8 14. Qxc6 Nb6
15. Qc2 Bd7 16. b3 b4 17. Be3 Rc8 18. Qd2 Bb5 19. Rfc1 Qd7 20. Ne1 Rxc1 21.
Rxc1 Rc8 22. Nd3 a5 23. Rxc8+ Qxc8 24. g4 Qa6 25. Nec1 a4 26. Nxb4 Bxb4 27.
Qxb4 axb3 28. axb3 Be2 29. h3 Bf3 30. Kf2 Be4 31. Qd2 Qb5 32. Qe2 Qb4 33. Kg3
33... Nd7 {(=)} 34. h4 Nb8 35. Qf2 Nc6 36. f5 Qb5 37. f6 Na5 38. Qf4 Qb4 39.
Qg5 Qe1+ 40. Bf2 Qc3+ 41. Kh2 Bg6 42. h5 gxf6 43. exf6 Qc7+ 44. Kg2 Qc2 45.
hxg6 Qe4+ 46. Kg1 fxg6 47. Qh4 Nc6 48. g5 Qf5 49. Qh6 Qg4+ 50. Kh2 Qf4+ 51. Bg3
Qd2+ 52. Kh3 Kf7 53. Qg7+ Ke8 54. f7+ 1-0

[Event "ODJM A 2018"]
[Site "Willingen GER"]
[Date "2018.05.20"]
[Round "2"]
[White "Gallasch, Robin"]
[Black "Parvanyan, Alfred"]
[Result "0-1"]
[Termination "normal"]
[Board "14"]
[WhiteElo "1752"]
[BlackElo "2095"]
[PlyCount "96"]
[WhiteFideId "16222423"]
[BlackFideId "13305832"]
[EventCountry "GER"]
[EventRounds "9"]
[EventType "swiss"]
[EventDate "2018.05.19"]

1. d4 Nf6 2. c4 c5 3. d5 b5 4. cxb5 a6 5. bxa6 g6 6. Nc3 Bg7 7. Nf3 O-O 8. e4
Qa5 9. Bd2 Bxa6 10. Be2 Bxe2 11. Qxe2 Qa6 12. a4 e6 13. Qxa6 Nxa6 14. O-O exd5
15. exd5 Nb4 16. Be3 Rfc8 17. Rfd1 Nc2 18. Ra2 Nxe3 19. fxe3 Re8 20. Re1 Ne4
21. Nxe4 Rxe4 22. b3 Rb4 23. Rc1 d6 24. Nd2 Kf8 25. Kf2 Ke7 26. Rc4 Rb7 27. Ke2
f5 28. a5 Ra6 29. Kd3 Kf6 30. Rca4 Ke5 31. Kc4 Bh6 32. b4 cxb4 33. Rxb4 Rba7
34. Rb6 Rxa5 35. Rxa5 Rxa5 36. Nf3+ Kf6 37. Rxd6+ Ke7 38. Re6+ Kf8 39. Nd4 Ra2
40. d6 Bg5 41. d7 Rxg2 42. Re8+ Kf7 43. Ne6 Bh4 44. Rf8+ Kxe6 45. d8=Q Bxd8 46.
Rxd8 Rxh2 47. Ra8 Rd2 48. Kc3 Rd7 0-1

[Event "ODJM A 2018"]
[Site "Willingen GER"]
[Date "2018.05.20"]
[Round "2"]
[White "Silber, Kevin"]
[Black "Lohr, Maximilian"]
[Result "1-0"]
[Termination "normal"]
[Board "15"]
[WhiteElo "2244"]
[BlackElo "1876"]
[PlyCount "55"]
[WhiteFideId "12930440"]
[BlackFideId "12999717"]
[EventCountry "GER"]
[EventRounds "9"]
[EventType "swiss"]
[EventDate "2018.05.19"]

1. Nf3 d5 2. b3 Nc6 3. Bb2 f6 4. e3 e5 5. Bb5 Bg4 6. h3 Bh5 7. g4 Bf7 8. d4 e4
9. Nfd2 h5 10. c4 hxg4 11. Qxg4 Nh6 12. Qg2 f5 13. Nc3 Qd6 14. cxd5 Bxd5 15.
Nxd5 Qxd5 16. Qg6+ Nf7 17. Bc4 Qd7 18. Be6 Qe7 19. Ba3 Qf6 20. Qxf6 gxf6 21.
Bxf8 Kxf8 22. Bxf5 Nd6 23. Bxe4 Nb4 24. Bb1 Kf7 25. a3 Nd5 26. Bd3 Rae8 27.
O-O-O f5 28. Nc4 1-0